Sink The States (Hard Version) - Statistics

General Stats
  • This quiz has been taken 105 times
  • The average score is 19 of 50
Answers on the Map
Answers color-coded by a green-red scale on the quiz's map according to % correct below.
 
Answer Stats
Avg. Elevation State % Correct
60 Delaware
92%
100 Florida
91%
100 Louisiana
83%
200 Rhode Island
79%
300 Mississippi
75%
250 New Jersey
75%
350 South Carolina
74%
500 Alabama
72%
600 Georgia
72%
350 Maryland
72%
500 Connecticut
68%
500 Massachusetts
66%
600 Maine
45%
600 Illinois
43%
6,800 Colorado
40%
650 Arkansas
38%
700 Indiana
38%
700 North Carolina
38%
900 Michigan
32%
850 Ohio
32%
750 Kentucky
30%
800 Missouri
30%
6,100 Utah
30%
1,000 New Hampshire
28%
5,700 New Mexico
28%
900 Tennessee
28%
1,000 Vermont
28%
950 Virginia
28%
6,700 Wyoming
28%
4,100 Arizona
23%
1,100 Iowa
23%
1,200 Minnesota
23%
5,500 Nevada
23%
1,000 New York
23%
1,700 Texas
23%
5,000 Idaho
21%
1,050 Wisconsin
21%
2,900 California
19%
3,400 Montana
19%
2,600 Nebraska
19%
1,300 Oklahoma
19%
1,100 Pennsylvania
19%
1,700 Washington
19%
1,500 West Virginia
19%
1,900 Alaska
17%
3,030 Hawaii
17%
2,000 Kansas
17%
1,900 North Dakota
17%
3,300 Oregon
17%
2,200 South Dakota
17%
No matching quizzes found
Score Distribution
Percent of People with Each Score
Percentile by Number Answered
Your Score History
You have not taken this quiz